000 00460nam a22001697a 4500
005 20260515114919.0
008 220526b ||||| |||| 00| 0 eng d
040 _aIN-DiNC
_cIN-DiNC
082 _a491.3
100 _aGoswami Keshbananda Dev
_eauthor
245 _aPrakrit Patha
_cby Keshbananda Dev Goswami
250 _a1st ed.
260 _aDibrugarh
_bStudents emporiam
_c1991
300 _a158p.
700 _aBhimkanta Baruah
_eauthor
942 _2ddc
_cBK
999 _c11284
_d11284